00686nam a2200241Ia 4500008004100000020001800041050001700059050001400076100002900090245002000119245001200139245002700151260001600178260003300194260000900227300001600236300003300252300001100285440001800296500005100314650003300365650004600398200601s9999 xx 000 0 und d a981-261-135-5 aREF DS 896.5 b.Y67 2005 aYoshida, Yuko Morimoto - 0aCultureshock! : 0bTokyo / 0cYuko Morimoto-Yoshida. aSingapore : bMarshall Cavendish Editions, c2005 a300 pages : billustrations (some color) ; c22 cm. aCultureshock! aIncludes bibliographical references and index. aEtiquette -- Japan -- Tokyo. x(Tokyo) Japan -- Social life and customs.